Statistics in practice : (Record no. 154663)

MARC details
000 -LEADER
fixed length control field 00761nam a2200253 a 4500
008 - FIXED-LENGTH DATA ELEMENTS--GENERAL INFORMATION
fixed length control field
020 ## - INTERNATIONAL STANDARD BOOK NUMBER
International Standard Book Number 0340662093 (pbk.)
049 ## - LOCAL HOLDINGS (OCLC)
Holding library MAIN
090 ## - LOCALLY ASSIGNED LC-TYPE CALL NUMBER (OCLC); LOCAL CALL NUMBER (RLIN)
Classification number (OCLC) (R) ; Classification number, CALL (RLIN) (NR) H61.3
003 - CONTROL NUMBER IDENTIFIER
control field
005 - DATE AND TIME OF LATEST TRANSACTION
control field 20230123133804.0
040 ## - CATALOGING SOURCE
Transcribing agency NUST
100 1# - MAIN ENTRY--PERSONAL NAME
Personal name Puri, Basant K.
245 10 - TITLE STATEMENT
Title Statistics in practice :
Remainder of title an illustrated guide to SPSS /
Statement of responsibility, etc. Basant K. Puri.
260 ## - PUBLICATION, DISTRIBUTION, ETC.
Place of publication, distribution, etc. London :
Name of publisher, distributor, etc. Arnold,
Date of publication, distribution, etc. 1996.
300 ## - PHYSICAL DESCRIPTION
Extent vii,134 p. :
Other physical details ill. ;
Dimensions 25 cm.
504 ## - BIBLIOGRAPHY, ETC. NOTE
Bibliography, etc. note Includes bibliographical references.
500 ## - GENERAL NOTE
General note Includes index.
630 00 - SUBJECT ADDED ENTRY--UNIFORM TITLE
Uniform title SPSS (Computer file).
630 00 - SUBJECT ADDED ENTRY--UNIFORM TITLE
Uniform title Microsoft Windows (Computer file).
650 #0 - SUBJECT ADDED ENTRY--TOPICAL TERM
Topical term or geographic name entry element Windows (Computer programs).
907 ## - LOCAL DATA ELEMENT G, LDG (RLIN)
a .b10131966
b 20-08-04
c 02-08-04
942 ## - ADDED ENTRY ELEMENTS (KOHA)
Koha item type Ordinary Loan Books
Call number prefix H61.3
Holdings
Date last seen Total Checkouts Full call number Barcode Cost, replacement price Price effective from Koha item type Lost status Source of classification or shelving scheme Damaged status Not for loan Collection Withdrawn status Home library Current library Shelving location Date acquired Cost, normal purchase price
01/23/2023 12 H61.3 PUR 92003029655 80.00 01/23/2023 BOOKS   LCC     NFIC   MAIN MAIN GEN 01/23/2023 80.00